Operačný program Informatizácia spoločnosti

Charakteristika Operačného programu Informatizácia spoločnosti (OP IS). Stratégia operačného programu. Systém implementácie operačného programu. Cieľ operačného programu. Prioritné osi programu - elektronizácia verejnej správy a rozvoj elektronických služieb, rozvoj pamäťových a fondových inštitúcií...

Descrizione completa

Salvato in:
Dettagli Bibliografici
Autore principale: Čanecký, Marek
Natura: Capitolo di libro
Lingua:slovacco
Soggetti:
Tags: Aggiungi Tag
Nessun Tag, puoi essere il primo ad aggiungerne!!

MARC

LEADER 00000naa$a2200000$$$4500
001 0054345
005 20231013071514.9
041 0 |a slo 
044 |a SK 
245 1 0 |a Operačný program Informatizácia spoločnosti  |c Marek Čanecký 
520 |a Charakteristika Operačného programu Informatizácia spoločnosti (OP IS). Stratégia operačného programu. Systém implementácie operačného programu. Cieľ operačného programu. Prioritné osi programu - elektronizácia verejnej správy a rozvoj elektronických služieb, rozvoj pamäťových a fondových inštitúcií a obnova ich národnej infraštruktúry, zvýšenie prístupnosti k širokopásmovému internetu. Finančný plán operačného programu. 
610 2 0 |a informatizácia 
610 2 0 |a spoločnosť 
610 2 0 |a programy 
610 2 0 |a digitalizácia 
610 2 0 |a internet 
610 2 0 |a plán finančný 
100 1 |a Čanecký, Marek